| 000 | 00692nam a2200181 i 4500 | ||
|---|---|---|---|
| 001 | 154500 | ||
| 003 | ES-MaACL | ||
| 005 | 20250909203611.0 | ||
| 008 | 941129s1837 sp |||| | spa d | ||
| 040 |
_aAS _bspa |
||
| 245 | 0 | 3 |
_aEl Gondolero _b: drama en cuatro actos / _carreglado a nuestro teatro por G.F. Coll y M.A. Lasheras. |
| 260 |
_aMadrid : _b[s.n.], _c1837 ( _fImprenta de José María Repullés) |
||
| 300 |
_a55 p. ; _c18 cm. |
||
| 700 | 1 |
_aColl, Gaspar Fernando, _d1826-1855 _9126538 |
|
| 700 | 1 |
_aLasheras, Manuel Antonio. _9142048 |
|
| 852 |
_aES-MaACL _jD-1760(4) _z-- Enc. hol. _z-- Legado de Modesto de la Fuente _q-- Falto de la cub. original |
||
| 999 |
_c154500 _d154500 |
||